000 01553nam a2200385Ia 4500
001 ebr10575979
003 CaPaEBR
006 m u
007 cr cn|||||||||
008 070815s2008 nyu sb s001 0 eng d
010 _z 2007033898
020 _z0791474879 (alk. paper)
020 _z0791474887 (pbk. : alk. paper)
020 _z9780791474877 (alk. paper)
020 _z9780791474884 (pbk. : alk. paper)
020 _z9780791478196
040 _aCaPaEBR
_cCaPaEBR
035 _a(OCoLC)237798999
050 1 4 _aPR1924
_b.W66 2008eb
082 0 4 _a821/.1
_222
100 1 _aWoods, William F.
245 1 0 _aChaucerian spaces
_h[electronic resource] :
_bspatial poetics in Chaucer's opening tales /
_cWilliam F. Woods.
260 _aAlbany :
_bState University of New York Press,
_cc2008.
300 _axi, 203 p.
490 1 _aSUNY series in medieval studies
504 _aIncludes bibliographical references (p. 185-196) and index.
533 _aElectronic reproduction.
_bPalo Alto, Calif. :
_cebrary,
_d2013.
_nAvailable via World Wide Web.
_nAccess may be limited to ebrary affiliated libraries.
600 1 0 _aChaucer, Geoffrey,
_dd. 1400
_xCriticism and interpretation.
650 0 _aPoetry, Medieval
_xHistory and criticism.
650 0 _aPoetics
_xHistory
_yTo 1500.
655 7 _aElectronic books.
_2local
710 2 _aebrary, Inc.
830 0 _aSUNY series in medieval studies.
856 4 0 _uhttp://site.ebrary.com/lib/rucke/Doc?id=10575979
_zAn electronic book accessible through the World Wide Web; click to view
999 _c87260
_d87260